000
00284nam a2200121Ia 4500
005
20251222144758.0
008
251222s9999||||xx |||||||||||||| ||spa||
082
_a
382.414.1/P87
245
0
_a
Perú:
250
_a
2a.ed.
264
_b
Secretaría de Estado de Economía
942
_c
LIB
999
_c
19612
_d
19612